000 00849cam a2200289 4500
001 D15972
008 090401t1985 xxu||||| |||| 00| 0 eng d
020 _a0854062882
035 _a(Sirsi) u26171
041 _aeng
050 _a368.1
090 _aRICS 1985/48ABCD
110 _aRoyal Institution of Chartered Surveyors
_94900
245 _aProperty insurance: some points to consider in relation to the proper cover of risks
250 _a3rd ed.
260 _aLondon
_bSurveyors` Publications
_c1985
300 _a38p. 21cm
350 _a0
520 _aSUPERSEDED: Replaced by 4th edition. (ISBN 0854067035) (RICS 1995/94).
650 _aGUIDANCE NOTES
650 _aPROPERTY INSURANCE
650 _aRICS
690 _aINSURANCE
_96249
710 _aGeneral Practice Division
_9752
942 _n0
_2ddc
948 _c04/03/1997
999 _c88894
_d88894